| 000 | 01001nam a2200265 a 4500 | ||
|---|---|---|---|
| 001 | |||
| 003 | DO-SdBNP | ||
| 005 | 20230713110634.0 | ||
| 008 | 100721s1972 dr c r 001 0 spa d | ||
| 040 |
_aDO-SdBNP _bspa _cBPMSU |
||
| 082 | 4 |
_a759.97293 _bR696p 1972 _222 |
|
| 100 | 1 |
_aRodríguez Demorizi, Emilio, _d1908-1986 |
|
| 245 | 1 | 0 |
_aPintura y escultura en Santo Domingo / _cEmilio Rodríguez Demorizi. |
| 260 |
_aSanto Domingo : _bLibrería Hispaniola ; _bJulio D. Postigo E Hijos Editores, _c1972. |
||
| 300 |
_a264 p. : _bretrs. ; _c20 cm. |
||
| 490 | 0 |
_aPensamiento dominicano, _v49 |
|
| 500 | _aIncluye índice de personas, lugares y materias. | ||
| 504 | _aIncluye referencias bibliográficas y notas al pie de las páginas. | ||
| 590 | _6Inventariado, 2021/VM | ||
| 650 | 4 |
_aEscultura _xHistoria _z República Dominicana |
|
| 650 | 4 |
_aEscultura _xHistoria y crítica |
|
| 650 | 4 |
_aPintura _xHistoria y crítica |
|
| 910 | _aVMateo V. Control de calidad (BPMSU) | ||
| 942 |
_2ddc _cBK |
||
| 999 |
_c13737 _d13737 |
||